[Event "Int. Stuttgarter Stadtmeisterschaft A"]
[Site "Ditzingen"]
[Date "2018.05.11"]
[Round "3.20"]
[White "Hesse, Henrik"]
[Black "Schmitz, Nico"]
[Result "1-0"]
[WhiteElo "2109"]
[BlackElo "1969"]
[PlyCount "95"]
[EventDate "2018.??.??"]
[WhiteTeam "SV Mattnetz Berlin"]
[BlackTeam "SF Konz-Karthaus"]

1. c4 f5 2. b3 Nf6 3. Bb2 g6 4. Bxf6 exf6 5. Nc3 Bg7 6. Nf3 d6 7. e3 O-O 8. Be2
Nd7 9. d4 Re8 10. O-O Nf8 11. b4 g5 12. Qb3 c6 13. d5 Ng6 14. dxc6 bxc6 15. Nd4
c5 16. bxc5 dxc5 17. Ndb5 Be6 18. Rfd1 Qe7 19. Nd5 Bxd5 20. cxd5 Qe5 21. d6+
Kh8 22. d7 Red8 23. Nd6 Rxd7 24. Nf7+ Rxf7 25. Qxf7 f4 26. Qd5 Qxd5 27. Rxd5
fxe3 28. fxe3 Re8 29. Kf2 Bf8 30. Bh5 Rc8 31. Bxg6 hxg6 32. Rad1 Kg8 33. Rd8
Rxd8 34. Rxd8 Kf7 35. Rd7+ Ke6 36. Rxa7 Bd6 37. Ra6 Kd5 38. e4+ Ke5 39. Ke3 f5
40. g3 Ke6 41. a4 f4+ 42. Kf3 Kd7 43. gxf4 Bxf4 44. h3 c4 45. Ke2 Kc7 46. Rxg6
Kb7 47. a5 Ka7 48. Rc6 1-0

[Event "Int. Stuttgarter Stadtmeisterschaft A"]
[Site "Ditzingen"]
[Date "2018.05.11"]
[Round "3.21"]
[White "Handel, Oliver"]
[Black "Gabriel, Josef"]
[Result "0-1"]
[WhiteElo "1828"]
[BlackElo "2106"]
[PlyCount "64"]
[EventDate "2018.??.??"]
[WhiteTeam "SF Kornwestheim"]
[BlackTeam "Stuttgarter SF"]

1. e4 g6 2. d4 Bg7 3. Nf3 d6 4. Be2 Nf6 5. Nc3 a6 6. O-O b5 7. a3 Bb7 8. Bd3
O-O 9. h3 c5 10. e5 Nd5 11. Nxd5 Bxd5 12. exd6 exd6 13. dxc5 dxc5 14. c3 Nc6
15. Be3 Bxf3 16. gxf3 Rc8 17. Be4 Qh4 18. Bxc6 Rxc6 19. Qd5 Re6 20. Kg2 Rxe3
21. fxe3 Rd8 22. Qxd8+ Qxd8 23. Rad1 Qg5+ 24. Kf2 Qf5 25. e4 Qxh3 26. Rh1 Qe6
27. Rd8+ Bf8 28. Rhd1 Kg7 29. R1d2 Be7 30. R8d7 Qh3 31. R7d5 Bh4+ 32. Ke3 Qg3
0-1

[Event "Int. Stuttgarter Stadtmeisterschaft A"]
[Site "Ditzingen"]
[Date "2018.05.11"]
[Round "3.23"]
[White "Faulhaber, Rolf"]
[Black "Froehlich, Franziska"]
[Result "1/2-1/2"]
[WhiteElo "2065"]
[BlackElo "1807"]
[PlyCount "79"]
[EventDate "2018.??.??"]
[WhiteTeam "SK Tauberbischofsheim"]
[BlackTeam "SC Weiße Dame Ulm"]

1. Nf3 c5 2. c4 Nc6 3. d4 cxd4 4. Nxd4 g6 5. e4 Bg7 6. Be3 Nf6 7. Nc3 O-O 8.
Be2 Nxd4 9. Bxd4 d6 10. O-O Bd7 11. Qd2 Bc6 12. f3 Nd7 13. Be3 a6 14. Rab1 Qb8
15. a4 a5 16. b3 Nc5 17. Rfd1 Rc8 18. Bd3 Qc7 19. Bc2 Qd8 20. Ne2 Qe8 21. Qe1
Qf8 22. Ng3 Bh6 23. f4 Ne6 24. f5 Bxe3+ 25. Qxe3 Nc7 26. Rd2 Ne8 27. Re1 Nf6
28. e5 Ng4 29. Qf4 Nxe5 30. f6 Rd8 31. c5 exf6 32. Qxf6 Nd7 33. Qxd6 Nxc5 34.
Qf4 Ne6 35. Qf2 Rxd2 36. Qxd2 Qc5+ 37. Kh1 Rd8 38. Qc1 Qf2 39. Ne4 Bxe4 40.
Bxe4 1/2-1/2

[Event "Int. Stuttgarter Stadtmeisterschaft A"]
[Site "Ditzingen"]
[Date "2018.05.11"]
[Round "3.24"]
[White "Seitz, Patrick"]
[Black "Viehoff, Jürgen"]
[Result "1-0"]
[WhiteElo "2038"]
[BlackElo "1897"]
[PlyCount "61"]
[EventDate "2018.??.??"]
[WhiteTeam "SR Heuberg-Gosheim"]
[BlackTeam "SC Stetten a.d.F."]

1. e4 c6 2. Nc3 d5 3. Nf3 Bg4 4. h3 Bxf3 5. Qxf3 e6 6. exd5 cxd5 7. d4 Nf6 8.
Bd3 Nc6 9. Ne2 Rc8 10. O-O Bd6 11. c3 O-O 12. Bg5 Be7 13. Bc2 Ne8 14. Qd3 g6
15. Bh6 Ng7 16. f4 Re8 17. g4 Qc7 18. a3 Bf8 19. Rf3 Red8 20. Raf1 Ne8 21. Bxf8
Kxf8 22. f5 gxf5 23. Qe3 Rd7 24. gxf5 f6 25. Nf4 Rg7+ 26. Kh1 Nd8 27. fxe6 Qd6
28. Nh5 Nxe6 29. Nxg7 N8xg7 30. Qh6 Rc7 31. Rxf6+ 1-0

[Event "Int. Stuttgarter Stadtmeisterschaft A"]
[Site "Ditzingen"]
[Date "2018.05.11"]
[Round "3.25"]
[White "Büter, Norbert"]
[Black "Schmidt, Markus"]
[Result "1-0"]
[WhiteElo "2032"]
[BlackElo "1825"]
[PlyCount "101"]
[EventDate "2018.??.??"]
[WhiteTeam "SpVgg Rommelshausen"]
[BlackTeam "Stuttgarter SF"]

1. d4 d6 2. c4 Nf6 3. Nc3 g6 4. e4 Bg7 5. f3 O-O 6. Be3 c5 7. Nge2 cxd4 8. Nxd4
Nc6 9. Be2 a6 10. O-O Nd7 11. Qd2 Nxd4 12. Bxd4 Ne5 13. Nd5 Be6 14. Rac1 Rc8
15. Rfd1 f5 16. exf5 Rxf5 17. Be3 Nxc4 18. Bxc4 Rxc4 19. Rxc4 Rxd5 20. Qxd5
Bxd5 21. Rxd5 Qd7 22. Rd2 d5 23. Rc1 e5 24. Rdc2 h5 25. Rc7 Qb5 26. R7c5 Qe2
27. Bg5 e4 28. Rc8+ Kh7 29. fxe4 dxe4 30. h4 Qxb2 31. Re8 Qxa2 32. Rxe4 Qb2 33.
Re7 b5 34. Rcc7 b4 35. Rxg7+ Qxg7 36. Rxg7+ Kxg7 37. Bd2 a5 38. Kf2 Kf6 39. Ke3
Ke5 40. Kd3 Kd5 41. Be3 a4 42. Bh6 Kc5 43. Bf8+ Kb5 44. Be7 a3 45. g3 Ka4 46.
Kc4 a2 47. Bf6 Ka3 48. Ba1 Ka4 49. Bb2 Ka5 50. Kb3 Kb5 51. Kxa2 1-0

[Event "Int. Stuttgarter Stadtmeisterschaft A"]
[Site "Ditzingen"]
[Date "2018.05.11"]
[Round "3.26"]
[White "Speicher, Franz"]
[Black "Döserich, Jürgen"]
[Result "0-1"]
[WhiteElo "1876"]
[BlackElo "2010"]
[PlyCount "104"]
[EventDate "2018.??.??"]
[WhiteTeam "SV Dicker Turm Esslingen"]
[BlackTeam "Schw. Pumpe Freiburg"]

1. d4 d5 2. Nf3 e6 3. c4 c6 4. g3 dxc4 5. Bg2 b5 6. Ne5 Bb7 7. a4 a6 8. axb5
axb5 9. Rxa8 Bxa8 10. O-O Nf6 11. b3 cxb3 12. Bb2 Be7 13. Qxb3 O-O 14. Rc1 Qb6
15. Nd2 Nfd7 16. Nd3 Na6 17. Ne4 Rc8 18. e3 Bb7 19. Bh3 c5 20. dxc5 Naxc5 21.
Ndxc5 Nxc5 22. Nxc5 Rxc5 23. Rxc5 Bxc5 24. Bg2 Bxg2 25. Kxg2 Qc6+ 26. Kf1 Be7
27. Ke2 h5 28. h4 Qc5 29. Kd2 Qf5 30. Ke2 Qg4+ 31. Kd2 Qf5 32. Ke2 Bf6 33. Ba3
Kh7 34. Bd6 Qg4+ 35. Kd2 Qc4 36. Qc2+ Qxc2+ 37. Kxc2 Kg6 38. f3 Bd8 39. e4 Bb6
40. Kd3 f5 41. Be5 Bc5 42. Kc3 Kf7 43. Kb3 g6 44. Bc3 Bf2 45. Be5 Be1 46. Bf4
Ke7 47. Be5 Kd7 48. Bf4 Kc6 49. Bb8 Ba5 50. Bf4 Bc7 51. e5 Kd5 52. Kc3 Bxe5+
0-1

[Event "Int. Stuttgarter Stadtmeisterschaft A"]
[Site "Ditzingen"]
[Date "2018.05.11"]
[Round "3.27"]
[White "Gheng, Simona"]
[Black "Verbitsky, Jaroslaw"]
[Result "1-0"]
[WhiteElo "1974"]
[BlackElo "1765"]
[PlyCount "95"]
[EventDate "2018.??.??"]
[WhiteTeam "SF Deizisau"]
[BlackTeam "SV Mattnetz Berlin"]

1. e4 c6 2. d4 d5 3. exd5 cxd5 4. Nf3 Nc6 5. c3 Nf6 6. Bd3 Bg4 7. Nbd2 e6 8.
Qa4 Nd7 9. Ne5 Ndxe5 10. dxe5 Bh5 11. Bb5 Qc7 12. O-O a6 13. Bxc6+ Qxc6 14. Qh4
Bg6 15. Nb3 Be7 16. Bg5 Bxg5 17. Qxg5 Qb5 18. Qd2 Qd3 19. Rfd1 Qxd2 20. Rxd2
Rc8 21. Nd4 Ke7 22. f4 Be4 23. Ne2 Rhd8 24. Rad1 f5 25. Kf2 Rc4 26. Rd4 Rdc8
27. g3 R4c7 28. Ke3 Bc2 29. R1d2 Bb1 30. b3 Be4 31. Rb4 Bg2 32. Kf2 Bh3 33. Rb6
Kf7 34. Nd4 Re8 35. c4 dxc4 36. bxc4 Ree7 37. Rc2 Bg4 38. Rc1 Bh5 39. c5 Red7
40. Ke3 Rxd4 41. Kxd4 Bf3 42. a4 Bg2 43. Rcb1 Ke7 44. Rd6 Rd7 45. Rbb6 Bd5 46.
Rxd7+ Kxd7 47. Rd6+ Ke7 48. Rxd5 1-0

[Event "Int. Stuttgarter Stadtmeisterschaft A"]
[Site "Ditzingen"]
[Date "2018.05.11"]
[Round "3.28"]
[White "Meißner, Mogens"]
[Black "Scheynin, Julia"]
[Result "0-1"]
[WhiteElo "1797"]
[BlackElo "1986"]
[PlyCount "88"]
[EventDate "2018.??.??"]
[WhiteTeam "SK Bietigheim-Bissingen"]
[BlackTeam "Karlsruher SF"]

1. e4 e6 2. d3 d5 3. Nd2 Nf6 4. Ngf3 b6 5. c3 Bb7 6. e5 Nfd7 7. d4 c5 8. Bb5
Be7 9. O-O O-O 10. Re1 a6 11. Bd3 Nc6 12. Nf1 Rc8 13. a3 b5 14. Ng3 Re8 15. Bf4
Nf8 16. Rc1 cxd4 17. cxd4 Na5 18. Rxc8 Qxc8 19. h4 Nc4 20. Re2 Qd7 21. Rc2 Rc8
22. h5 a5 23. Qc1 a4 24. h6 g6 25. Bg5 Qd8 26. Qf4 Nd7 27. Qg4 Rc6 28. Bc1 f5
29. Qf4 Nf8 30. Nf1 Ba6 31. Ng5 Qc8 32. g4 Na5 33. Rxc6 Nxc6 34. gxf5 exf5 35.
Qf3 Nxd4 36. Qxd5+ Nde6 37. Be3 Bb7 38. Qa2 Qc6 39. Be4 fxe4 40. b4 axb3 41.
Qxb3 Bxg5 42. Qb4 Bxe3 43. fxe3 Qc5 44. Qe1 Qe7 0-1

[Event "Int. Stuttgarter Stadtmeisterschaft A"]
[Site "Ditzingen"]
[Date "2018.05.11"]
[Round "3.29"]
[White "Fischer, Daniel"]
[Black "Dreyer, Andre"]
[Result "1/2-1/2"]
[WhiteElo "2004"]
[BlackElo "1905"]
[PlyCount "40"]
[EventDate "2018.??.??"]
[WhiteTeam "SVG Offenburg"]
[BlackTeam "SV Stockenhausen-Frommern"]

1. Nf3 Nf6 2. c4 e6 3. g3 d5 4. b3 Be7 5. Bg2 O-O 6. O-O c5 7. e3 Nc6 8. Bb2 b6
9. Nc3 Bb7 10. cxd5 Nxd5 11. Nxd5 Qxd5 12. d4 Na5 13. dxc5 Bxc5 14. Qe2 Rfd8
15. Rac1 Qd3 16. Qxd3 Rxd3 17. Rfd1 Rxd1+ 18. Rxd1 Kf8 19. Bc3 Be7 20. Ne5 Bxg2
1/2-1/2

[Event "Int. Stuttgarter Stadtmeisterschaft A"]
[Site "Ditzingen"]
[Date "2018.05.11"]
[Round "3.30"]
[White "Huels, Marco"]
[Black "Metzdorf, Matteo"]
[Result "1-0"]
[WhiteElo "2010"]
[BlackElo "1849"]
[PlyCount "63"]
[EventDate "2018.??.??"]
[WhiteTeam "SV Mattnetz Berlin"]
[BlackTeam "SG Trier"]

1. e4 c5 2. c3 d5 3. exd5 Qxd5 4. d4 Nc6 5. Nf3 Bg4 6. Be2 Nf6 7. O-O e6 8. h3
Bh5 9. Be3 Be7 10. dxc5 Qxd1 11. Rxd1 Ne4 12. b4 a5 13. g4 Bg6 14. b5 Na7 15.
c6 Bf6 16. cxb7 Rb8 17. Bxa7 Rxb7 18. Bd4 Ke7 19. Ne5 Bxe5 20. Bxe5 f6 21. Bd4
e5 22. Be3 Rc8 23. c4 Nd6 24. Na3 Be8 25. Rab1 Rcb8 26. Bc5 Rd7 27. Rxd6 Rxd6
28. Rd1 Rbd8 29. b6 Ke6 30. Rxd6+ Rxd6 31. Bxd6 Kxd6 32. c5+ 1-0

[Event "Int. Stuttgarter Stadtmeisterschaft A"]
[Site "Ditzingen"]
[Date "2018.05.11"]
[Round "3.31"]
[White "Steinhart, Christoph"]
[Black "Cummings, Orlyn"]
[Result "1/2-1/2"]
[WhiteElo "1985"]
[BlackElo "1883"]
[PlyCount "68"]
[EventDate "2018.??.??"]
[WhiteTeam "TSV Schönaich"]
[BlackTeam "SK Schmiden/Cannstatt"]

1. e4 c5 2. Nf3 d6 3. d4 cxd4 4. Nxd4 Nf6 5. Nc3 a6 6. Be2 e5 7. Nb3 Be7 8. Bg5
Be6 9. O-O O-O 10. Qd2 Nbd7 11. Rfd1 b5 12. a3 Rc8 13. f3 Qc7 14. Rac1 Rfd8 15.
a4 b4 16. Nd5 Bxd5 17. exd5 Nc5 18. Be3 Nxa4 19. Qxb4 Nxb2 20. Bb6 Qd7 21. Bxd8
Nxd1 22. Bxe7 Qa7+ 23. Nd4 Nxd5 24. Qd2 exd4 25. Bxd1 Qxe7 26. Be2 Qe3+ 27.
Qxe3 Nxe3 28. Bd3 g5 29. Ra1 Rc6 30. Ra2 Kg7 31. g3 h6 32. Kf2 a5 33. Rxa5 Nxc2
34. Be4 Rc3 1/2-1/2

[Event "Int. Stuttgarter Stadtmeisterschaft A"]
[Site "Ditzingen"]
[Date "2018.05.11"]
[Round "3.32"]
[White "Schiegg, Peter"]
[Black "Peters, Theresa"]
[Result "1/2-1/2"]
[WhiteElo "1975"]
[BlackElo "1815"]
[PlyCount "122"]
[EventDate "2018.??.??"]
[WhiteTeam "SF Bad Grönenbach"]
[BlackTeam "SG KK Hohentübingen"]

1. d4 Nf6 2. Nf3 g6 3. c4 Bg7 4. Nc3 O-O 5. e4 d6 6. Be2 e5 7. Be3 Nc6 8. d5
Ne7 9. O-O Ne8 10. Nd2 f5 11. f3 f4 12. Bf2 g5 13. c5 Ng6 14. Nc4 Rf7 15. Rc1
Bf8 16. cxd6 cxd6 17. Nb5 b6 18. Rc3 h5 19. Ra3 a6 20. Nxb6 Rb8 21. Nxc8 Qxc8
22. Na7 Rxa7 23. Bxa7 Rxb2 24. Bxa6 Qd7 25. Bf2 g4 26. Qc1 Rb8 27. Qc6 Qg7 28.
Be2 g3 29. hxg3 fxg3 30. Bxg3 Ne7 31. Bxe5 Qxe5 32. Qc3 Qxc3 33. Rxc3 Bg7 34.
Rc2 Ng6 35. g3 Bd4+ 36. Kg2 h4 37. f4 Nf6 38. Bf3 Re8 39. Re1 Nxd5 40. Rd2 Bc3
41. Rxd5 Bxe1 42. Rxd6 Nf8 43. gxh4 Bxh4 44. e5 Kg7 45. Bd5 Ng6 46. Kf3 Nxe5+
47. fxe5 Rxe5 48. a4 Be1 49. Kf4 Re7 50. Kf5 Bc3 51. Be6 Ra7 52. Bd7 Ra5+ 53.
Bb5 Ra7 54. Rg6+ Kf8 55. Ke6 Re7+ 56. Kd6 Rf7 57. Rg4 Rf6+ 58. Kd7 Rf7+ 59. Kd8
Ba5+ 60. Kc8 Rc7+ 61. Kb8 Rg7 1/2-1/2

[Event "Int. Stuttgarter Stadtmeisterschaft A"]
[Site "Ditzingen"]
[Date "2018.05.11"]
[Round "3.33"]
[White "Lahouel, Kim-Luca"]
[Black "Partik, Markus"]
[Result "1-0"]
[WhiteElo "1736"]
[BlackElo "1958"]
[PlyCount "45"]
[EventDate "2018.??.??"]
[WhiteTeam "Heilbronner SV"]
[BlackTeam "TSV Münchingen"]

1. e4 c5 2. c3 d5 3. exd5 Qxd5 4. d4 Nc6 5. Nf3 Bg4 6. Be2 cxd4 7. cxd4 Qa5+ 8.
Nc3 e6 9. h3 Bh5 10. d5 exd5 11. Nd4 Bxe2 12. Qxe2+ Nge7 13. Nb3 Qd8 14. O-O d4
15. Ne4 Qc7 16. g3 f6 17. Bf4 Ne5 18. Rac1 d3 19. Qh5+ g6 20. Nxf6+ Kf7 21.
Rxc7 gxh5 22. Bxe5 Bg7 23. Nd5 1-0

[Event "Int. Stuttgarter Stadtmeisterschaft A"]
[Site "Ditzingen"]
[Date "2018.05.11"]
[Round "3.34"]
[White "Gheng, Dominik"]
[Black "Huels, Maximilian"]
[Result "0-1"]
[WhiteElo "1939"]
[BlackElo "1824"]
[PlyCount "47"]
[EventDate "2018.??.??"]
[WhiteTeam "Schach-Kids Bernhausen"]
[BlackTeam "SV Mattnetz Berlin"]

1. e4 e6 2. d4 d5 3. Nd2 Nf6 4. e5 Nfd7 5. Bd3 c5 6. c3 Nc6 7. Ne2 cxd4 8. cxd4
f6 9. exf6 Nxf6 10. O-O Bd6 11. Nf3 Qc7 12. Bg5 O-O 13. Nc3 a6 14. Re1 Ng4 15.
h3 Bh2+ 16. Kf1 Nxf2 17. Kxf2 Qg3+ 18. Ke3 Rxf3+ 19. Qxf3 Qxg5+ 20. Kf2 Nxd4
21. Qg4 Qf6+ 22. Ke3 e5 23. Ne4 Qh6+ 24. Qg5 0-1

[Event "Int. Stuttgarter Stadtmeisterschaft A"]
[Site "Ditzingen"]
[Date "2018.05.11"]
[Round "3.35"]
[White "Issaad, Pascal"]
[Black "Schönhof, Timo"]
[Result "0-1"]
[WhiteElo "1893"]
[BlackElo "1948"]
[PlyCount "60"]
[EventDate "2018.??.??"]
[WhiteTeam "SV Stuttgart-Wolfbusch"]
[BlackTeam "SK Engen"]

1. d3 c5 2. f4 g6 3. Nf3 Bg7 4. g3 Nc6 5. Bg2 d6 6. O-O Nf6 7. c3 O-O 8. a4 a6
9. Na3 Rb8 10. e4 b5 11. axb5 axb5 12. Bd2 Qb6 13. Re1 e5 14. fxe5 dxe5 15. c4
b4 16. Nc2 Bg4 17. Ne3 Bxf3 18. Bxf3 Nd4 19. Nd5 Nxd5 20. cxd5 Ra8 21. Kg2 Rxa1
22. Qxa1 Nc2 23. Qc1 Nxe1+ 24. Bxe1 Ra8 25. Bf2 Bf8 26. Bg4 Qd6 27. Qc4 h5 28.
Bd1 Ra1 29. Bb3 g5 30. Qc2 g4 0-1

[Event "Int. Stuttgarter Stadtmeisterschaft A"]
[Site "Ditzingen"]
[Date "2018.05.11"]
[Round "3.36"]
[White "Kobald, Jacqueline"]
[Black "Zitzelsberger, Philipp"]
[Result "0-1"]
[WhiteElo "1692"]
[BlackElo "1912"]
[PlyCount "76"]
[EventDate "2018.??.??"]
[WhiteTeam "SV Stuttgart-Wolfbusch"]
[BlackTeam "SC Weiße Dame Ulm e.V."]

1. e4 c5 2. Nf3 d6 3. d4 cxd4 4. Nxd4 Nf6 5. Nc3 a6 6. Bc4 b5 7. Bb3 Bb7 8. Qe2
Nbd7 9. a4 b4 10. Nd5 Qa5 11. Nxf6+ Nxf6 12. f3 g6 13. O-O e5 14. Bd5 Nxd5 15.
exd5 Qxd5 16. Rd1 Qc5 17. Be3 Qc7 18. a5 Bg7 19. Nb3 O-O 20. Qd2 Rac8 21. Rac1
Qc4 22. Qxd6 e4 23. Nd2 Qb5 24. Nxe4 Bxe4 25. fxe4 Bxb2 26. Rb1 Rxc2 27. Rxb2
Rxb2 28. Bd4 Qe2 29. Bxb2 Qxb2 30. Qxa6 Qe5 31. Qd6 Qxa5 32. Rb1 b3 33. h3 b2
34. Kh2 Rd8 35. Qf6 Qc7+ 36. Kh1 Qc1+ 37. Qf1 Qxf1+ 38. Rxf1 Rc8 0-1

[Event "Int. Stuttgarter Stadtmeisterschaft A"]
[Site "Ditzingen"]
[Date "2018.05.11"]
[Round "3.37"]
[White "Giebler, Kai"]
[Black "Narr, Kevin"]
[Result "0-1"]
[WhiteElo "1788"]
[BlackElo "2089"]
[PlyCount "76"]
[EventDate "2018.??.??"]
[WhiteTeam "TSF Ditzingen"]

1. e4 c5 2. Nf3 a6 3. d4 cxd4 4. Nxd4 Nf6 5. Nc3 e5 6. Nb3 Bb4 7. Bd3 Bxc3+ 8.
bxc3 O-O 9. O-O d5 10. exd5 Qxd5 11. c4 Qc6 12. Re1 Re8 13. Bg5 Nbd7 14. f4
Qb6+ 15. Kh1 e4 16. c5 Qc7 17. Bc4 h6 18. Bxf6 Nxf6 19. Qd6 Qxd6 20. cxd6 Be6
21. Bxe6 Rxe6 22. Rad1 Rd8 23. d7 Rc6 24. Na5 Rc7 25. Rb1 Rdxd7 26. c4 Rc5 27.
Nxb7 Rxc4 28. Kg1 Rc2 29. Red1 Rxd1+ 30. Rxd1 Rxa2 31. Nc5 e3 32. h3 Nh5 33.
Re1 Nxf4 34. Rxe3 Rxg2+ 35. Kf1 Rh2 36. Nd7 h5 37. Re8+ Kh7 38. Nf8+ Kh6 0-1

[Event "Int. Stuttgarter Stadtmeisterschaft A"]
[Site "Ditzingen"]
[Date "2018.05.11"]
[Round "3.38"]
[White "Kistler, Michael"]
[Black "Hoeschele, Hans-Ulrich"]
[Result "1-0"]
[WhiteElo "1848"]
[BlackElo "1994"]
[PlyCount "73"]
[EventDate "2018.??.??"]
[WhiteTeam "VfL Sindelfingen"]
[BlackTeam "Stuttgarter SF"]

1. d4 d5 2. c4 e6 3. Nc3 Nf6 4. Bg5 Be7 5. e3 c6 6. Nf3 Nbd7 7. Rc1 O-O 8. Bd3
dxc4 9. Bxc4 Nd5 10. Bxe7 Qxe7 11. O-O Rd8 12. e4 N5b6 13. Bb3 Nf8 14. Qe2 Ng6
15. Rfd1 Bd7 16. Qe3 Qf6 17. Ne2 e5 18. Ng5 Be8 19. d5 h6 20. Nf3 Bd7 21. a4
cxd5 22. exd5 Bxa4 23. Bxa4 Nxa4 24. Qb3 Nb6 25. Rc7 Rd6 26. Nc3 Qd8 27. Rc5
Nd7 28. Rb5 a6 29. Rb4 Nc5 30. Qa2 Rc8 31. h4 f6 32. Nd2 Nf4 33. Nc4 Nfd3 34.
Rxb7 Nxb7 35. Nxd6 Qxd6 36. Rxd3 Nc5 37. Rd1 {Zeit} 1-0

[Event "Int. Stuttgarter Stadtmeisterschaft A"]
[Site "Ditzingen"]
[Date "2018.05.11"]
[Round "3.39"]
[White "Schuster, Gerhard"]
[Black "Narr, Matthias"]
[Result "1/2-1/2"]
[WhiteElo "1982"]
[BlackElo "1868"]
[PlyCount "89"]
[EventDate "2018.??.??"]
[WhiteTeam "SC Feuerbach"]
[BlackTeam "SR Heuberg-Gosheim"]

1. e4 d5 2. exd5 Qxd5 3. Nc3 Qd6 4. d4 Nf6 5. Nf3 c6 6. Ne5 Nbd7 7. Nc4 Qc7 8.
g3 Nb6 9. Bf4 Qd8 10. Ne5 Be6 11. Bg2 Nbd5 12. Bd2 Nxc3 13. bxc3 Bd5 14. O-O
Bxg2 15. Kxg2 Qd5+ 16. Qf3 e6 17. Rab1 Bd6 18. Rxb7 O-O 19. Qxd5 cxd5 20. f3
Rab8 21. Rfb1 Bxe5 22. dxe5 Nd7 23. Be3 Rxb7 24. Rxb7 Nxe5 25. Bxa7 Nc4 26. Kf2
g6 27. Rb8 Rxb8 28. Bxb8 Kf8 29. Ke2 Ke7 30. f4 f6 31. Ba7 Kd6 32. Bb8+ Kc6 33.
Ba7 e5 34. fxe5 fxe5 35. g4 h5 36. gxh5 gxh5 37. Bf2 Na3 38. Kd3 Kb5 39. Bg3
Nc4 40. Bh4 Nb2+ 41. Kd2 Ka4 42. Be7 Kb5 43. Bd8 Kc6 44. Ke2 Kd7 45. Bh4
1/2-1/2

[Event "Int. Stuttgarter Stadtmeisterschaft A"]
[Site "Ditzingen"]
[Date "2018.05.11"]
[Round "3.40"]
[White "Lohvinov, Petro"]
[Black "Altimira, Jordi"]
[Result "1-0"]
[WhiteElo "1879"]
[BlackElo "1820"]
[PlyCount "61"]
[EventDate "2018.??.??"]
[WhiteTeam "SK München Südost"]
[BlackTeam "SV Rottweil"]

1. e4 e5 2. Nf3 Nc6 3. d4 exd4 4. Nxd4 Nf6 5. Nxc6 bxc6 6. e5 Qe7 7. Qe2 Nd5 8.
c4 Ba6 9. Nd2 d6 10. exd6 Qxe2+ 11. Bxe2 Nf4 12. Bf3 Nd3+ 13. Ke2 Ne5 14. dxc7
Bd6 15. Re1 O-O 16. b3 Nxf3 17. Nxf3 Bxc7 18. Kf1 Ba5 19. Bd2 Bxd2 20. Nxd2
Rad8 21. Ne4 Bc8 22. Nc5 Rd2 23. Re7 Rfd8 24. Rae1 Kf8 25. Rxa7 Bf5 26. a4 g5
27. Rae7 Rb2 28. R7e2 Rdd2 29. Rxd2 Rxd2 30. a5 Ra2 31. b4 1-0

[Event "Int. Stuttgarter Stadtmeisterschaft A"]
[Site "Ditzingen"]
[Date "2018.05.11"]
[Round "3.42"]
[White "Recker, Martin"]
[Black "Koch, Martin"]
[Result "1-0"]
[WhiteElo "1879"]
[BlackElo "2056"]
[PlyCount "50"]
[EventDate "2018.??.??"]
[WhiteTeam "SF Freiberg"]
[BlackTeam "SC Botnang"]

1. Nf3 d5 2. d4 Nf6 3. c4 c6 4. g3 Bf5 5. cxd5 cxd5 6. Bg2 e6 7. O-O Nc6 8. a3
Bd6 9. Nc3 h6 10. Qb3 O-O 11. Bf4 a6 12. Bxd6 Qxd6 13. Rfc1 b5 14. Qd1 Na5 15.
Ne5 Nc4 16. Nxc4 bxc4 17. b4 cxb3 18. Qxb3 Rab8 19. Qa2 Rb7 20. Nd1 Rfb8 21. e3
Rb3 22. Rc8+ Kh7 23. Rxb8 Qxb8 24. Bf1 Ne4 25. Bxa6 Rb2 1-0

[Event "Int. Stuttgarter Stadtmeisterschaft A"]
[Site "Ditzingen"]
[Date "2018.05.11"]
[Round "4.1"]
[White "Turov, Maxim"]
[Black "Maiorov, Nikita"]
[Result "1-0"]
[WhiteElo "2602"]
[BlackElo "2532"]
[PlyCount "111"]
[EventDate "2018.??.??"]

1. Nf3 Nf6 2. c4 b6 3. g3 Bb7 4. Bg2 e6 5. O-O Be7 6. b3 O-O 7. Bb2 d5 8. cxd5
exd5 9. d4 Nbd7 10. Nc3 a6 11. Qc2 Re8 12. Rac1 Nf8 13. e3 Bd6 14. Ne2 Ne6 15.
Ne5 Bf8 16. Rfd1 Rc8 17. Nc6 Qd7 18. Bh3 g6 19. Nf4 Bg7 20. Ba3 Ne4 21. Nxe6
fxe6 22. Bg2 Ng5 23. Rd3 Nf7 24. Rc3 Ra8 25. Qd3 a5 26. f4 Ba6 27. Qd1 Nd6 28.
Bxd6 cxd6 29. Bf1 Bxf1 30. Qxf1 e5 31. dxe5 dxe5 32. fxe5 Bxe5 33. Nxe5 Rxe5
34. Rc7 Qe6 35. R1c6 Rf8 36. Rxe6 Rxf1+ 37. Kxf1 Rxe6 38. Kf2 Rd6 39. Ke2 h5
40. Kd3 g5 41. Re7 h4 42. Re5 hxg3 43. Rxg5+ Kf7 44. hxg3 Kf6 45. Rh5 Kg6 46.
Re5 Kf7 47. g4 b5 48. Kd4 Rc6 49. Rxd5 Rc2 50. a3 Ra2 51. Rxb5 Rxa3 52. Kc3 Ra2
53. Rb6 Re2 54. Kd3 Rb2 55. g5 a4 56. Rf6+ 1-0

[Event "Int. Stuttgarter Stadtmeisterschaft A"]
[Site "Ditzingen"]
[Date "2018.05.11"]
[Round "4.2"]
[White "Ikonnikov, Vyacheslav"]
[Black "Kryakvin, Dmitry"]
[Result "0-1"]
[WhiteElo "2541"]
[BlackElo "2573"]
[PlyCount "161"]
[EventDate "2018.??.??"]

1. d4 d5 2. c4 c6 3. Nf3 Nf6 4. Qb3 dxc4 5. Qxc4 Bg4 6. Nbd2 Nbd7 7. g3 e6 8.
Bg2 Be7 9. Ne5 Bh5 10. Ndf3 Nxe5 11. Nxe5 Nd7 12. Nxd7 Qxd7 13. Be3 O-O 14. O-O
Rfd8 15. Rfd1 a5 16. a3 a4 17. Rd2 Qc7 18. Rad1 Qa5 19. Be4 Rd7 20. Qc2 Bg6 21.
Bxg6 hxg6 22. Rd3 Rad8 23. f3 Bf6 24. Bf2 Qb5 25. R1d2 e5 26. dxe5 Rxd3 27.
Rxd3 Rxd3 28. Qxd3 Qxd3 29. exd3 Bxe5 30. d4 Bf6 31. Kf1 Kf8 32. Ke2 Ke7 33.
Kd3 Kd6 34. Ke4 Ke6 35. Be3 Be7 36. Bf4 g5 37. Be5 f6 38. Bc7 f5+ 39. Kd3 Kd5
40. h3 Bf6 41. Bb6 g4 42. hxg4 fxg4 43. fxg4 g6 44. Bc5 Bd8 45. Bf8 Bc7 46. Bg7
Bxg3 47. Bh8 Bf2 48. Bg7 Bg1 49. Bf6 b6 50. Bg7 c5 51. dxc5 bxc5 52. Kc2 Bd4
53. Bf8 Ke4 54. Be7 c4 55. Bd8 Kf4 56. g5 Kf5 57. Be7 Ke6 58. Bd8 Bc5 59. Ba5
Bf2 60. Bd8 Kd5 61. Bf6 Be1 62. Bd8 Ke4 63. Bf6 Ba5 64. Be7 Kd5 65. Bf6 Ke6 66.
Kd1 c3 67. bxc3 Kd5 68. Kc2 Kc4 69. Be5 Bb6 70. Bd6 Be3 71. Be7 Bf4 72. Kb2 Bd2
73. Bf6 Kd3 74. c4 Kxc4 75. Kc2 Be3 76. Be7 Bf4 77. Kb2 Kd3 78. Kb1 Ke4 79. Kc2
Kf5 80. Kc3 Bxg5 81. Bc5 {Rest unklar, 0:1 (106.)} 0-1

[Event "Int. Stuttgarter Stadtmeisterschaft A"]
[Site "Ditzingen"]
[Date "2018.05.11"]
[Round "4.3"]
[White "Zuferi, Enis"]
[Black "Schroeter, Samuel"]
[Result "1-0"]
[WhiteElo "2342"]
[BlackElo "2125"]
[PlyCount "55"]
[EventDate "2018.??.??"]
[WhiteTeam "Heilbronner SV"]
[BlackTeam "SC Böblingen"]

1. d4 g6 2. e4 Bg7 3. Nc3 c5 4. d5 d6 5. Nf3 Nf6 6. Bb5+ Nfd7 7. a4 Na6 8. O-O
Nc7 9. Be2 O-O 10. Bg5 b6 11. Nd2 a6 12. Nc4 f6 13. Be3 Rb8 14. h4 Ne5 15. Nxe5
fxe5 16. h5 b5 17. axb5 axb5 18. b4 cxb4 19. Na2 Na6 20. Qd2 Qe8 21. h6 Bh8 22.
Nxb4 Nxb4 23. Qxb4 Bf6 24. Ra7 g5 25. c4 Bd7 26. Rb1 Qd8 27. cxb5 Be8 28. b6
1-0

[Event "Int. Stuttgarter Stadtmeisterschaft A"]
[Site "Ditzingen"]
[Date "2018.05.11"]
[Round "4.4"]
[White "Tran, Thanh Kien"]
[Black "Pogan, Nikolas"]
[Result "1/2-1/2"]
[WhiteElo "2194"]
[BlackElo "2223"]
[PlyCount "22"]
[EventDate "2018.??.??"]
[WhiteTeam "SC Böblingen"]
[BlackTeam "Heilbronner SV"]

1. d4 Nf6 2. c4 g6 3. Nc3 Bg7 4. e4 d6 5. Nf3 O-O 6. Be2 Bg4 7. O-O Nfd7 8. Be3
e5 9. dxe5 Bxf3 10. Bxf3 Nxe5 11. Be2 Nbd7 1/2-1/2